[Event "Landesklasse West 2024/25"]
[Site "?"]
[Date "2024.11.24"]
[Round "3.1"]
[White "Gandera, Moritz"]
[Black "Minor, Viatcheslav"]
[Result "1-0"]
[WhiteElo "1805"]
[BlackElo "1960"]
[PlyCount "75"]
[EventDate "2024.09.15"]
[EventType "team-tourn"]
[EventRounds "9"]
[WhiteTeam "SC Rochade Steinbach-Hallenberg"]
[BlackTeam "SV Wartburgstadt Eisenach"]

1. e4 b6 2. d4 Bb7 3. Bd3 e6 4. Nf3 c5 5. Qe2 cxd4 6. Nxd4 Be7 7. Nc3 Nf6 8. O-O O-O 9. e5 Ne8 10. Qh5 g6 11. Qe2 Nc6 12. Nxc6 Bxc6 13. Bh6 Ng7 14. Ne4 f5 15. exf6 Bxf6 16. Nxf6+ Qxf6 17. c3 Rf7 18. Bxg7 Kxg7 19. Be4 d5 20. Bf3 e5 21. Rfd1 e4 22. Bg4 Rd8 23. Qe3 h5 24. Be2 Kh7 25. a4 Rdf8 26. Rf1 Qd6 27. a5 b5 28. Rad1 Qc7 29. Qc5 a6 30. f3 Rf5 31. fxe4 dxe4 32. Qxf8 Rxf8 33. Rxf8 Qe7 34. Rdf1 Qc5+ 35. Kh1 Qe3 36. R1f7+ Kh6 37. h4 g5 38. Rh8+ 1-0

[Event "Landesklasse West 2024/25"]
[Site "?"]
[Date "2024.11.24"]
[Round "3.2"]
[White "Mutka, Oleksandr"]
[Black "Wilhelm, Bernd"]
[Result "1/2-1/2"]
[WhiteElo "1791"]
[BlackElo "1893"]
[PlyCount "55"]
[EventDate "2024.09.15"]
[EventType "team-tourn"]
[EventRounds "9"]
[WhiteTeam "SV Wartburgstadt Eisenach"]
[BlackTeam "SC Rochade Steinbach-Hallenberg"]

1. f4 d5 2. Nf3 Nf6 3. g3 g6 4. Bg2 Bg7 5. O-O O-O 6. d3 c5 7. Nc3 Nc6 8. e4 d4 9. Na4 b6 10. Bd2 Bb7 11. b3 e6 12. Qe2 Rb8 13. Rae1 Qd7 14. a3 Rbe8 15. h3 Nh5 16. Qf2 f5 17. e5 Ne7 18. Nh4 Bxg2 19. Qxg2 Nd5 20. Rf2 Rf7 21. Nf3 Bh6 22. Qh2 Kh8 23. Nb2 b5 24. b4 cxb4 25. Bxb4 Nxb4 26. axb4 Bf8 27. Ng5 Rfe7 28. Rb1 1/2-1/2

[Event "Landesklasse West 2024/25"]
[Site "?"]
[Date "2024.11.24"]
[Round "3.3"]
[White "Recknagel, Armin"]
[Black "Neef, Michael"]
[Result "1/2-1/2"]
[WhiteElo "1561"]
[BlackElo "1778"]
[PlyCount "57"]
[EventDate "2024.09.15"]
[EventType "team-tourn"]
[EventRounds "9"]
[WhiteTeam "SC Rochade Steinbach-Hallenberg"]
[BlackTeam "SV Wartburgstadt Eisenach"]

{[%evp 0,57,19,31,32,13,63,61,69,44,47,26,76,47,52,31,19,35,30,38,43,40,60,42,40,21,21,21,99,93,93,27,24,22,22,29,43,15,15,15,27,9,7,7,8,7,7,2,15,0,17,11,16,-7,0,-7,1,1,7,7]} 1. d4 d5 2. Bf4 c6 3. e3 Bf5 4. Nf3 e6 5. c4 dxc4 6. Bxc4 Bd6 7. Bg3 Bxg3 8. hxg3 Nd7 9. Qb3 Qc7 10. Nbd2 h6 11. O-O Ngf6 12. Rac1 O-O 13. Rfe1 Ne4 14. Nxe4 Bxe4 15. Nd2 Bg6 16. Bd3 Bxd3 17. Qxd3 Qb6 18. Qb3 Qxb3 19. Nxb3 Rac8 20. Nc5 Nxc5 21. Rxc5 Rcd8 22. Kf1 Rd5 23. Rec1 Rfd8 24. Ke2 e5 25. Rxd5 Rxd5 26. Rc5 Rxc5 27. dxc5 f5 28. Kf3 Kf7 29. g4 1/2-1/2

[Event "Landesklasse West 2024/25"]
[Site "?"]
[Date "2024.11.24"]
[Round "3.4"]
[White "Arnold, Sebastian"]
[Black "Holland-Cunz, Dietrich"]
[Result "1/2-1/2"]
[WhiteElo "1678"]
[BlackElo "1756"]
[PlyCount "58"]
[EventDate "2024.09.15"]
[EventType "team-tourn"]
[EventRounds "9"]
[WhiteTeam "SV Wartburgstadt Eisenach"]
[BlackTeam "SC Rochade Steinbach-Hallenberg"]

1. c4 Nf6 2. Nc3 b6 3. e4 d6 4. g3 Bb7 5. Bg2 e5 6. Nge2 Be7 7. d3 Nbd7 8. O-O Nc5 9. h3 Qd7 10. Be3 O-O-O 11. b4 Ne6 12. a4 c5 13. b5 Qc7 14. Qd2 Kd7 15. a5 h5 16. axb6 axb6 17. f4 Nd4 18. Bxd4 exd4 19. Nd5 Bxd5 20. exd5 Ra8 21. Ra2 Ra7 22. Rfa1 Rha8 23. Bf3 g6 24. Kg2 Bf8 25. Ng1 Bg7 26. Be2 Ke7 27. Nf3 Kf8 28. Ng5 Bh6 29. Nf3 Qe7 1/2-1/2

[Event "Landesklasse West 2024/25"]
[Site "?"]
[Date "2024.11.24"]
[Round "3.5"]
[White "Hoffmann, Hartmut"]
[Black "Graupner, Markus"]
[Result "1-0"]
[WhiteElo "1964"]
[BlackElo "1597"]
[PlyCount "63"]
[EventDate "2024.09.15"]
[EventType "team-tourn"]
[EventRounds "9"]
[WhiteTeam "SC Rochade Steinbach-Hallenberg"]
[BlackTeam "SV Wartburgstadt Eisenach"]

1. e4 d6 2. d4 Nf6 3. Nc3 c6 4. f4 Qa5 5. Bd2 Qb6 6. e5 dxe5 7. fxe5 Nd5 8. Nxd5 cxd5 9. Bc3 Bf5 10. Bd3 Qg6 11. Bxf5 Qxf5 12. Qe2 Qd7 13. Nh3 e6 14. Qg4 Nc6 15. O-O Nd8 16. Rae1 Rc8 17. Re3 g6 18. Ref3 h5 19. Qg3 Bh6 20. Ng5 Bxg5 21. Qxg5 Qe7 22. Rf6 Rh7 23. Qd2 Nc6 24. R1f3 Qc7 25. Rh3 Nd8 26. g4 b5 27. a3 a5 28. Rf2 a4 29. gxh5 gxh5 30. Qg5 Kd7 31. Bb4 Nc6 32. Rc3 1-0

[Event "Landesklasse West 2024/25"]
[Site "?"]
[Date "2024.11.24"]
[Round "3.6"]
[White "Pinnau, Hannes"]
[Black "Döll, Frank"]
[Result "1/2-1/2"]
[WhiteElo "1630"]
[BlackElo "1808"]
[PlyCount "67"]
[EventDate "2024.09.15"]
[EventType "team-tourn"]
[EventRounds "9"]
[WhiteTeam "SV Wartburgstadt Eisenach"]
[BlackTeam "SC Rochade Steinbach-Hallenberg"]

1. Nf3 d5 2. e3 c5 3. c4 e6 4. cxd5 exd5 5. d4 c4 6. b3 b5 7. a4 Qa5+ 8. Bd2 Bb4 9. Qc1 Nc6 10. Nc3 Bxc3 11. Bxc3 b4 12. bxc4 bxc3 13. cxd5 Nb4 14. Bb5+ Qxb5 15. axb5 Nd3+ 16. Kd1 Nxc1 17. Kxc1 Bb7 18. Kc2 Nf6 19. Kxc3 Nxd5+ 20. Kb3 Ke7 21. Rhc1 Rhc8 22. Rc5 Nb6 23. Rac1 Nd7 24. Rxc8 Rxc8 25. Ra1 Rc7 26. Ne1 Bc8 27. e4 a6 28. bxa6 Ra7 29. Nc2 Bxa6 30. Kc3 Rc7+ 31. Kd2 Bc8 32. Nb4 Rb7 33. Kc3 Nb6 34. d5 1/2-1/2

[Event "Landesklasse West 2024/25"]
[Site "?"]
[Date "2024.11.24"]
[Round "3.7"]
[White "Häfner, Jaime"]
[Black "Lotz, Arthur"]
[Result "1/2-1/2"]
[WhiteElo "1581"]
[BlackElo "1434"]
[PlyCount "108"]
[EventDate "2024.09.15"]
[EventType "team-tourn"]
[EventRounds "9"]
[WhiteTeam "SC Rochade Steinbach-Hallenberg"]
[BlackTeam "SV Wartburgstadt Eisenach"]

1. c4 c6 2. d4 d5 3. Nc3 Nf6 4. Bf4 e6 5. a3 Bd6 6. Bxd6 Qxd6 7. Nf3 O-O 8. e3 Re8 9. Ne5 Nbd7 10. f4 dxc4 11. Nxc4 Qc7 12. Bd3 b5 13. Ne5 a6 14. b4 Nd5 15. Qd2 f6 16. Nxd7 Bxd7 17. O-O Nxc3 18. Qxc3 e5 19. fxe5 fxe5 20. d5 Rac8 21. Rac1 Qd6 22. dxc6 Rxc6 23. Qb3+ Be6 24. Rxc6 Qxc6 25. Qb2 Qd5 26. Qb1 h6 27. Bh7+ Kh8 28. Bg6 Rd8 29. Qc2 Qb3 30. Qxb3 Bxb3 31. Rc1 Bc4 32. Rc2 Rd6 33. Be4 Kg8 34. Kf2 Kf7 35. Ke1 Rf6 36. Rf2 Ke6 37. Rxf6+ gxf6 38. g4 Kd6 39. Bb7 Be6 40. h3 f5 41. gxf5 Bxf5 42. h4 Kc7 43. Bg2 Kb6 44. Kd2 a5 45. Ke2 axb4 46. axb4 Kc7 47. Kf2 Kd6 48. e4 Bd7 49. Bf3 Ke7 50. Kg3 Kf6 51. Bh5 Kg7 52. Bf3 Kf6 53. Bd1 Kg7 54. Be2 Kf6 1/2-1/2

[Event "Landesklasse West 2024/25"]
[Site "?"]
[Date "2024.11.24"]
[Round "3.8"]
[White "Anschütz, Bernd"]
[Black "Hoffmann, Karsten"]
[Result "1/2-1/2"]
[WhiteElo "1678"]
[BlackElo "1645"]
[PlyCount "31"]
[EventDate "2024.09.15"]
[EventType "team-tourn"]
[EventRounds "9"]
[WhiteTeam "SV Wartburgstadt Eisenach"]
[BlackTeam "SC Rochade Steinbach-Hallenberg"]

1. e4 c5 2. c4 Nc6 3. Nc3 g6 4. g3 Bg7 5. Bg2 Nf6 6. Nge2 d6 7. O-O O-O 8. h3 Bd7 9. d3 Rb8 10. Rb1 a6 11. a3 b5 12. b3 Nd4 13. Nxd4 cxd4 14. Nd5 e6 15. Nxf6+ Bxf6 16. Bh6 1/2-1/2

[Event "Landesklasse West 2024/25"]
[Site "?"]
[Date "2024.11.24"]
[Round "3.1"]
[White "Hübschmann, Holger"]
[Black "Kirsch, Uwe"]
[Result "1/2-1/2"]
[WhiteElo "1951"]
[BlackElo "1919"]
[PlyCount "24"]
[EventDate "2024.09.15"]
[EventType "team-tourn"]
[EventRounds "9"]
[WhiteTeam "Randspringer Bad Salzungen"]
[BlackTeam "TSG Ruhla"]

{[%evp 0,24,23,23,23,0,37,41,37,37,37,47,21,25,70,75,66,67,50,50,64,69,58,61,38,32,55]} 1. Nf3 Nf6 2. c4 d6 3. d4 g6 4. Nc3 Bg7 5. h3 O-O 6. e4 c6 7. Be2 Nbd7 8. O-O e5 9. dxe5 dxe5 10. Be3 Qe7 11. Qc2 Nh5 12. Qd2 Re8 1/2-1/2

[Event "Landesklasse West 2024/25"]
[Site "?"]
[Date "2024.11.24"]
[Round "3.2"]
[White "von Otte, Wilhelm"]
[Black "Roth, Ralf"]
[Result "1-0"]
[WhiteElo "1900"]
[BlackElo "1839"]
[PlyCount "121"]
[EventDate "2024.09.15"]
[EventType "team-tourn"]
[EventRounds "9"]
[WhiteTeam "TSG Ruhla"]
[BlackTeam "Randspringer Bad Salzungen"]

{[%evp 0,121,23,21,63,-26,30,28,19,23,31,31,41,35,39,44,57,29,50,6,2,-25,-14,-19,-29,-41,-9,-66,-38,-41,17,19,3,3,-1,-4,0,0,0,-1,10,-27,0,-1,16,-14,0,0,0,0,0,1,17,21,63,11,9,1,1,0,32,29,23,22,20,21,36,24,25,28,29,42,35,35,23,0,0,-15,8,0,0,0,0,0,0,0,0,-11,0,-11,-3,-15,0,0,0,20,12,18,96,10,65,0,90,151,152,99,82,92,97,87,95,92,168,178,195,209,606,612,972,226,226,644,824,846]} 1. e4 {[%emt 0:00:00]} d6 2. g3 g6 3. Bg2 Bg7 4. d4 c6 5. Ne2 Nf6 6. O-O O-O 7. Nd2 a5 8. a4 Na6 9. c3 e5 10. Qb3 Qe7 11. Rd1 exd4 12. cxd4 d5 13. Nc3 dxe4 14. Ndxe4 Nb4 15. Bg5 Be6 16. d5 cxd5 17. Nxf6+ Bxf6 18. Bxf6 Qxf6 19. Bxd5 Bf5 20. Be4 Be6 21. Bd5 Bf5 22. Be4 Be6 23. Nd5 Bxd5 24. Bxd5 Rab8 25. Rd2 Kg7 26. Rad1 b6 27. Bg2 Rfd8 28. Qc3 Rxd2 29. Rxd2 h6 30. Bf1 Qxc3 31. bxc3 Nc6 32. Rd6 Nd8 33. Bb5 Ne6 34. h4 Kf6 35. Kg2 Ke5 36. Rd7 Kf6 37. c4 Nc5 38. Rd5 Ne6 39. Rd6 Ke5 40. Rd7 Kf6 41. Rd6 Ke5 42. Rd5+ Kf6 43. f4 Rd8 44. Rxd8 Nxd8 45. g4 Ne6 46. Kf3 h5 47. gxh5 gxh5 48. Ke4 Ke7 49. Ke5 f6+ 50. Kf5 Kd6 51. Kxf6 Nxf4 52. Kg5 Ke5 53. Bd7 Ke4 54. Bc6+ Ke5 55. Bf3 Nd3 56. Bxh5 Nb2 57. Be8 Nxc4 58. h5 Nd6 59. Bc6 Ke6 60. Kg6 Nf7 61. Bd5+ 1-0

[Event "Landesklasse West 2024/25"]
[Site "?"]
[Date "2024.11.24"]
[Round "3.3"]
[White "Schulz, Tilo"]
[Black "Thrän, Uwe"]
[Result "1/2-1/2"]
[WhiteElo "1882"]
[BlackElo "1748"]
[PlyCount "46"]
[EventDate "2024.09.15"]
[EventType "team-tourn"]
[EventRounds "9"]
[WhiteTeam "Randspringer Bad Salzungen"]
[BlackTeam "TSG Ruhla"]

{[%evp 0,46,19,31,41,51,23,38,57,38,35,49,42,62,76,63,66,55,46,32,58,59,41,32,40,32,44,15,-9,-19,9,-17,22,10,10,2,-2,7,38,33,41,37,39,12,25,27,24,19,21]} 1. e4 e6 2. d4 d5 3. Nd2 c5 4. exd5 Qxd5 5. Ngf3 Nf6 6. Bc4 Qd8 7. O-O Nc6 8. Nb3 cxd4 9. Qe2 Be7 10. Rd1 O-O 11. Nfxd4 Nxd4 12. Nxd4 Bd7 13. Bg5 Qc7 14. Bh4 Rad8 15. Rd2 Bc6 16. Nxc6 Qxc6 17. Rad1 Rxd2 18. Rxd2 Qc8 19. Bb3 Rd8 20. c3 Rxd2 21. Qxd2 Ne4 22. Qf4 Bxh4 23. Qxh4 Nf6 1/2-1/2

[Event "Landesklasse West 2024/25"]
[Site "?"]
[Date "2024.11.24"]
[Round "3.4"]
[White "Fink, Klaus"]
[Black "Burkhardt, Christian"]
[Result "1/2-1/2"]
[WhiteElo "1761"]
[BlackElo "1683"]
[PlyCount "20"]
[EventDate "2024.09.15"]
[EventType "team-tourn"]
[EventRounds "9"]
[WhiteTeam "TSG Ruhla"]
[BlackTeam "Randspringer Bad Salzungen"]

{[%evp 0,20,23,29,41,38,35,22,24,15,16,17,17,22,22,5,25,3,15,-29,33,21,21]} 1. e4 e6 2. d4 d5 3. Nc3 Bb4 4. e5 c5 5. a3 Bxc3+ 6. bxc3 Ne7 7. Nf3 Bd7 8. a4 Qa5 9. Be2 Bc6 10. O-O h6 1/2-1/2

[Event "Landesklasse West 2024/25"]
[Site "?"]
[Date "2024.11.24"]
[Round "3.5"]
[White "Feldmann, Bernd"]
[Black "Brückmann, Volker"]
[Result "1-0"]
[WhiteElo "1822"]
[BlackElo "1728"]
[PlyCount "137"]
[EventDate "2024.09.15"]
[EventType "team-tourn"]
[EventRounds "9"]
[WhiteTeam "Randspringer Bad Salzungen"]
[BlackTeam "TSG Ruhla"]

{[%evp 0,137,29,27,20,19,44,54,64,62,61,18,14,16,68,59,59,55,55,54,45,43,39,53,29,53,71,39,37,37,105,105,141,129,134,131,131,114,112,103,115,113,165,110,152,115,206,210,227,198,243,242,245,189,267,190,194,163,165,115,190,134,134,128,134,129,128,128,128,156,139,121,134,133,129,118,140,81,93,45,74,51,105,110,100,103,106,103,95,84,108,113,181,244,286,298,304,121,277,304,302,123,134,127,139,130,130,124,124,127,142,124,130,140,140,136,189,159,168,190,373,189,186,215,298,333,394,408,425,409,432,471,488,516,739,553,592,592,823,681]} 1. d4 d5 2. Nf3 g6 3. c4 Nf6 4. Nc3 Bg7 5. Bf4 O-O 6. e3 b6 7. cxd5 Nxd5 8. Nxd5 Qxd5 9. Bxc7 Bf5 10. Bd3 Qa5+ 11. Ke2 Bxd3+ 12. Qxd3 Na6 13. Be5 Nb4 14. Qb3 Rad8 15. Rhc1 Qb5+ 16. Qc4 Qa5 17. a3 Nd5 18. b4 Qa4 19. Kf1 e6 20. Kg1 Ne7 21. Qc2 Qa6 22. Qb2 Rc8 23. Bxg7 Kxg7 24. d5+ Kg8 25. dxe6 fxe6 26. h3 Qd3 27. Qe5 Qf5 28. Qd6 Qf6 29. Qe5 Qf5 30. e4 Qxe5 31. Nxe5 Kg7 32. f3 Rfd8 33. Rxc8 Rxc8 34. Rd1 Rc7 35. Rd2 Kf6 36. Ng4+ Kf7 37. Kf2 g5 38. Ke2 Ng6 39. g3 Ke7 40. Ne3 h6 41. Rc2 Rxc2+ 42. Nxc2 Kd6 43. Nd4 a6 44. a4 Ke5 45. Ke3 h5 46. f4+ gxf4+ 47. gxf4+ Kd6 48. Nb3 Kc6 49. Nd4+ Kd6 50. Ne2 Ne7 51. Kd4 Nc6+ 52. Kc4 Ne7 53. Ng3 h4 54. Ne2 Ng6 55. b5 a5 56. e5+ Kd7 57. Kd4 Ne7 58. Nc3 Nf5+ 59. Ke4 Ke7 60. Ne2 Kf7 61. Nd4 Ne7 62. f5 exf5+ 63. Nxf5 Ng6 64. Nd6+ Ke6 65. Nc4 Kd7 66. Nxb6+ Kc7 67. Nc4 Ne7 68. Nxa5 Kb6 69. Nb3 1-0

[Event "Landesklasse West 2024/25"]
[Site "?"]
[Date "2024.11.24"]
[Round "3.6"]
[White "Voß, Ewald"]
[Black "Wiefel, Erik"]
[Result "1/2-1/2"]
[WhiteElo "1653"]
[BlackElo "1619"]
[PlyCount "55"]
[EventDate "2024.09.15"]
[EventType "team-tourn"]
[EventRounds "9"]
[WhiteTeam "TSG Ruhla"]
[BlackTeam "Randspringer Bad Salzungen"]

{[%evp 0,55,31,29,50,1,27,18,14,-2,-8,17,19,42,7,38,58,-14,34,4,10,6,1,-53,32,-16,43,11,44,31,23,26,17,17,48,67,69,25,29,23,9,26,16,-23,-30,-29,-4,-16,-12,-21,-18,-103,4,-14,-27,-23,41,-41]} 1. e4 c5 2. c3 Nf6 3. e5 Nd5 4. d4 cxd4 5. cxd4 d6 6. Nf3 Nc6 7. Bc4 Nb6 8. Bb3 g6 9. O-O Bg7 10. Re1 O-O 11. h3 Bf5 12. Nc3 Na5 13. Bf4 d5 14. Nh4 Be6 15. Bc2 Rc8 16. Nf3 h6 17. Qc1 Kh7 18. h4 Bg4 19. Nh2 Qd7 20. f3 Bf5 21. g4 Bxc2 22. Qxc2 Qe6 23. Rad1 Nc6 24. Bg3 f5 25. h5 Kg8 26. hxg6 Qxg6 27. Qg2 a6 28. Bf2 1/2-1/2

[Event "Landesklasse West 2024/25"]
[Site "?"]
[Date "2024.11.24"]
[Round "3.8"]
[White "Kabisch, Roland"]
[Black "Keilholz, Stefan"]
[Result "1-0"]
[WhiteElo "1570"]
[BlackElo "1333"]
[PlyCount "67"]
[EventDate "2024.09.15"]
[EventType "team-tourn"]
[EventRounds "9"]
[WhiteTeam "TSG Ruhla"]
[BlackTeam "Randspringer Bad Salzungen"]

{[%evp 0,67,28,-16,-5,-6,-1,-9,-8,-14,12,14,16,16,22,15,35,37,58,37,30,-47,35,20,15,-12,8,-11,23,-8,-1,1,1,-13,-9,-2,-11,-48,5,-12,13,17,38,13,52,16,56,52,92,25,68,59,67,34,52,122,120,78,103,29,7,7,36,24,384,375,623,688,2113,2699]} 1. f4 c6 2. Nf3 d5 3. e3 Bg4 4. Be2 Bxf3 5. Bxf3 e6 6. O-O Nf6 7. b3 g6 8. Bb2 Bg7 9. d3 O-O 10. Nd2 Ne8 11. Bxg7 Nxg7 12. Qe1 Nd7 13. Kh1 b5 14. c4 bxc4 15. dxc4 Rc8 16. Rd1 Qb6 17. Qf2 Rfd8 18. Rfe1 Nf6 19. g4 Qc7 20. Qh4 Nfe8 21. Qf2 Qe7 22. Bg2 Nc7 23. Nf3 Qe8 24. Nd4 Na8 25. cxd5 cxd5 26. Rf1 Rc5 27. f5 Qd7 28. f6 Ne8 29. Qf4 Qd6 30. Qh6 Qf8 31. Qh4 e5 32. Ne6 fxe6 33. f7+ Kh8 34. Qxd8 1-0

[Event "Thüringenliga 2024/25"]
[Site "?"]
[Date "2024.12.08"]
[Round "4.1"]
[White "Vetter, Udo"]
[Black "Recknagel, Michael"]
[Result "1/2-1/2"]
[WhiteElo "1426"]
[BlackElo "2084"]
[PlyCount "57"]
[EventDate "2024.09.15"]
[EventType "team-tourn"]
[EventRounds "9"]
[WhiteTeam "ESV Lok Sömmerda"]
[BlackTeam "SC Suhl"]

1. e4 c5 2. Nf3 d6 3. d4 cxd4 4. Nxd4 Nf6 5. Nc3 a6 6. Be3 e5 7. Nb3 Be6 8. Be2 Be7 9. O-O O-O 10. Qd2 b5 11. f3 Nbd7 12. Nd5 Nxd5 13. exd5 Bf5 14. Rac1 Nb6 15. c4 bxc4 16. Bxc4 Nxc4 17. Rxc4 Rc8 18. Rfc1 Rxc4 19. Rxc4 Bd7 20. Na5 Bb5 21. Nc6 Qd7 22. Nxe7+ Qxe7 23. Rc3 f5 24. Qc2 Qf7 25. a4 Be8 26. Qb3 f4 27. Bb6 Qg6 28. Kf2 Bf7 29. Qc4 1/2-1/2

[Event "Thüringenliga 2024/25"]
[Site "?"]
[Date "2024.12.08"]
[Round "4.2"]
[White "Berghof, Axel"]
[Black "Koksch, Robert"]
[Result "1-0"]
[WhiteElo "2042"]
[BlackElo "1941"]
[PlyCount "73"]
[EventDate "2024.09.15"]
[EventType "team-tourn"]
[EventRounds "9"]
[WhiteTeam "SC Suhl"]
[BlackTeam "ESV Lok Sömmerda"]

1. e4 c6 2. d4 d5 3. exd5 cxd5 4. Bd3 Nf6 5. c3 Nc6 6. Bf4 e6 7. Nf3 Bd6 8. Bg3 Bxg3 9. hxg3 Qc7 10. Qe2 Bd7 11. Nbd2 h6 12. Nb3 Na5 13. Ne5 Nxb3 14. axb3 a6 15. b4 Ke7 16. Ra5 Rac8 17. g4 Be8 18. g5 Nd7 19. Rxd5 exd5 20. Ng6+ Kd6 21. Nxh8 hxg5 22. b5 axb5 23. Bxb5 Qd8 24. Rh3 Qe7 25. Re3 Qf8 26. Qh5 Kc7 27. Qxg5 Qxh8 28. Qg3+ Kb6 29. c4 dxc4 30. Qd6+ Rc6 31. Bxc6 bxc6 32. Rh3 Qg8 33. Ra3 f5 34. Qb4+ Kc7 35. Ra7+ Kc8 36. Qd6 Qf8 37. Qc7# 1-0

[Event "Thüringenliga 2024/25"]
[Site "?"]
[Date "2024.12.08"]
[Round "4.3"]
[White "Kalisch, Michael"]
[Black "Feld-Gerdes, Wolfgang"]
[Result "1-0"]
[WhiteElo "2053"]
[BlackElo "2084"]
[PlyCount "101"]
[EventDate "2024.09.15"]
[EventType "team-tourn"]
[EventRounds "9"]
[WhiteTeam "ESV Lok Sömmerda"]
[BlackTeam "SC Suhl"]

1. d4 Nf6 2. Bf4 c5 3. d5 b5 4. c4 Bb7 5. Nc3 b4 6. Nb1 g6 7. Nd2 Bg7 8. Qc2 Nh5 9. Bg5 h6 10. Bh4 g5 11. Bg3 d6 12. e4 Nd7 13. Be2 Nxg3 14. hxg3 a5 15. a4 e6 16. Ngf3 Qf6 17. Rb1 Nb6 18. Kf1 Bc8 19. Bd3 e5 20. Re1 Bd7 21. b3 O-O-O 22. Ke2 h5 23. Nf1 Bg4 24. Ne3 Rh6 25. Nxg4 hxg4 26. Nh2 Qg6 27. Nxg4 Rh5 28. Ne3 Rdh8 29. Nf5 Bf8 30. Qd1 Qh7 31. Rxh5 Qxh5+ 32. Ke3 Qxd1 33. Rxd1 Nd7 34. Be2 Nf6 35. Kd3 Rh2 36. Rg1 Kc7 37. Ne3 Rh8 38. Bg4 Ne8 39. Rf1 Bh6 40. Rh1 Bg7 41. Rf1 Bh6 42. Rh1 Bg7 43. Rh3 Kd8 44. Nf5 Rxh3 45. gxh3 Bf8 46. Bh5 f6 47. Bxe8 Kxe8 48. Ke3 Kf7 49. Kf3 Kg6 50. Kg4 Kf7 51. Kh5 1-0

[Event "Thüringenliga 2024/25"]
[Site "?"]
[Date "2024.12.08"]
[Round "4.4"]
[White "Koch, Stefan"]
[Black "Kühn, Martin"]
[Result "1-0"]
[WhiteElo "1902"]
[BlackElo "2092"]
[PlyCount "71"]
[EventDate "2024.09.15"]
[EventType "team-tourn"]
[EventRounds "9"]
[WhiteTeam "SC Suhl"]
[BlackTeam "ESV Lok Sömmerda"]

1. e4 e6 2. d4 d5 3. exd5 exd5 4. Nc3 Nc6 5. Bb5 a6 6. Bxc6+ bxc6 7. Bf4 Nf6 8. Nf3 Bb4 9. O-O O-O 10. Ne5 c5 11. a3 cxd4 12. axb4 dxc3 13. bxc3 Ne4 14. Qd4 Qf6 15. Be3 Qe6 16. Ra5 Bb7 17. Nd3 Bc6 18. Nf4 Qd7 19. Nxd5 Rfe8 20. Rd1 Rad8 21. c4 Nd6 22. Nf6+ gxf6 23. Qxf6 Ne4 24. Rg5+ Nxg5 25. Qxg5+ Kh8 26. Qf6+ Kg8 27. Rxd7 Rxd7 28. h4 Re6 29. Qf5 Rg6 30. f3 Re7 31. Kf2 h6 32. h5 Rge6 33. Bd4 Rd7 34. c3 Bb7 35. Qg4+ Kf8 36. Bc5+ 1-0

[Event "Thüringenliga 2024/25"]
[Site "?"]
[Date "2024.12.08"]
[Round "4.5"]
[White "Siegemund, Joachim"]
[Black "Trautmann, Johannes"]
[Result "1-0"]
[WhiteElo "1919"]
[BlackElo "1818"]
[PlyCount "49"]
[EventDate "2024.09.15"]
[EventType "team-tourn"]
[EventRounds "9"]
[WhiteTeam "ESV Lok Sömmerda"]
[BlackTeam "SC Suhl"]

1. e4 c5 2. Nc3 Nc6 3. f4 d6 4. Nf3 g6 5. Bb5 Bg7 6. O-O Bd7 7. d3 a6 8. Bxc6 Bxc6 9. Qe1 Nf6 10. Ne2 O-O 11. Qh4 Nd7 12. f5 e5 13. Qh3 d5 14. Ng5 Nf6 15. fxg6 fxg6 16. Rxf6 Rxf6 17. Nxh7 Rd6 18. Ng5 dxe4 19. Qh7+ Kf8 20. Be3 b6 21. Rf1+ Rf6 22. Ne6+ Kf7 23. Nxd8+ Rxd8 24. Rxf6+ Kxf6 25. Qh4+ 1-0

[Event "Thüringenliga 2024/25"]
[Site "?"]
[Date "2024.12.14"]
[Round "4.6"]
[White "Ansorg, Nico"]
[Black "Wiesemann, Tim"]
[Result "0-1"]
[WhiteElo "1801"]
[BlackElo "1757"]
[PlyCount "108"]
[EventDate "2024.09.15"]
[EventType "team-tourn"]
[EventRounds "9"]
[WhiteTeam "SC Suhl"]
[BlackTeam "ESV Lok Sömmerda"]

1. d4 Nf6 2. c4 e6 3. a3 d5 4. cxd5 exd5 5. Nc3 Bd6 6. Bg5 c6 7. Nf3 O-O 8. e3 Bg4 9. Be2 Nbd7 10. O-O Qc7 11. h3 Bf5 12. Rc1 a6 13. Bxf6 Nxf6 14. Bd3 Bxd3 15. Qxd3 Rae8 16. Rfe1 Qe7 17. Nd2 Bb8 18. Re2 Qd6 19. Nf3 Ne4 20. Rce1 Ng5 21. Ne5 f6 22. f4 fxe5 23. dxe5 Rxe5 24. fxe5 Qxe5 25. Rf2 Qh2+ 26. Kf1 Rxf2+ 27. Kxf2 Bg3+ 28. Ke2 Qxg2+ 29. Kd1 Bxe1 30. Kxe1 Qxh3 31. Kd2 Qh2+ 32. Kc1 Qe5 33. Na4 Qe4 34. Qb3 Qc4+ 35. Qxc4 dxc4 36. Nc5 h5 37. Kd2 h4 38. Ke2 Kf7 39. Nxb7 h3 40. Kf2 Ne4+ 41. Kg1 g5 42. Nd8+ Kf6 43. Nxc6 g4 44. Kh2 Kg5 45. Ne5 c3 46. bxc3 Nxc3 47. Kg3 Ne4+ 48. Kh2 Kh5 49. a4 a5 50. Nd3 Kh4 51. Kg1 g3 52. Ne1 Kg4 53. Nd3 h2+ 54. Kg2 Nf2 0-1

[Event "Thüringenliga 2024/25"]
[Site "?"]
[Date "2024.12.08"]
[Round "4.7"]
[White "Kühn, Helmut"]
[Black "Müller, Bernd"]
[Result "1/2-1/2"]
[WhiteElo "1468"]
[BlackElo "1753"]
[PlyCount "42"]
[EventDate "2024.09.15"]
[EventType "team-tourn"]
[EventRounds "9"]
[WhiteTeam "ESV Lok Sömmerda"]
[BlackTeam "SC Suhl"]

1. d4 f5 2. c4 Nf6 3. e3 e6 4. a3 Be7 5. Nc3 O-O 6. Be2 c6 7. Nf3 d5 8. O-O Nbd7 9. b4 a6 10. Bb2 Ne4 11. cxd5 cxd5 12. Bd3 Nxc3 13. Bxc3 Nf6 14. Be1 Bd7 15. Ne5 Rc8 16. f4 Bd6 17. Bh4 Be7 18. Nxd7 Qxd7 19. Qe2 Rc7 20. Rfb1 Ne4 21. Be1 Nc3 1/2-1/2

[Event "Thüringenliga 2024/25"]
[Site "?"]
[Date "2024.12.08"]
[Round "4.2"]
[White "Machelett, Heiko"]
[Black "Hermannsdörfer, Frank"]
[Result "1-0"]
[WhiteElo "2284"]
[BlackElo "2091"]
[PlyCount "51"]
[EventDate "2024.09.15"]
[EventType "team-tourn"]
[EventRounds "9"]
[WhiteTeam "TSG Apolda"]
[BlackTeam "SV 1861 Liebschwitz"]

1. d4 d6 2. Nf3 g6 3. c4 Bg7 4. Nc3 e5 5. e4 Bg4 6. d5 Ne7 7. Be2 O-O 8. Be3 Nd7 9. h4 Bxf3 10. Bxf3 f5 11. h5 Nf6 12. hxg6 hxg6 13. g4 f4 14. Bd2 g5 15. Qb3 Qd7 16. c5 Ng6 17. c6 bxc6 18. dxc6+ Qf7 19. Be2 Qxb3 20. axb3 Nh4 21. Bc4+ Kh7 22. f3 Rfb8 23. Ke2 Rb6 24. Nd5 Nxd5 25. Bxd5 a5 26. Rxa5 1-0

[Event "Thüringenliga 2024/25"]
[Site "?"]
[Date "2024.12.08"]
[Round "4.3"]
[White "Kitzig, Tobias"]
[Black "Goemann, Jens"]
[Result "1/2-1/2"]
[WhiteElo "1868"]
[BlackElo "2035"]
[PlyCount "62"]
[EventDate "2024.09.15"]
[EventType "team-tourn"]
[EventRounds "9"]
[WhiteTeam "SV 1861 Liebschwitz"]
[BlackTeam "TSG Apolda"]

1. d4 Nf6 2. Bf4 g6 3. Nc3 d5 4. Nf3 Bg7 5. e3 O-O 6. Nb5 Na6 7. c4 c5 8. Be2 Qa5+ 9. Qd2 Qxd2+ 10. Nxd2 Bd7 11. Rc1 cxd4 12. Nxd4 Nb4 13. a3 Nc6 14. Nxc6 Bxc6 15. Bf3 Rac8 16. O-O dxc4 17. Bxc6 Rxc6 18. Rxc4 Rxc4 19. Nxc4 Rc8 20. Ne5 Rc2 21. Nd3 Rd2 22. Nc5 b6 23. Na4 h6 24. Be5 Ne4 25. Bxg7 Kxg7 26. f3 Nd6 27. Rf2 Rd1+ 28. Rf1 Rd2 29. Rf2 Rd1+ 30. Rf1 Rxf1+ 31. Kxf1 Kf6 1/2-1/2